| 000 | 00856nam a2200265 a 4500 | ||
|---|---|---|---|
| 005 | 20140311163026.0 | ||
| 008 | 080509s19uu xx 00 eng d | ||
| 020 | _a1593631804 | ||
| 050 |
_aLC 4705 _b.Sm615 2006 |
||
| 100 | _aWienfeld, Rich et al. | ||
| 245 |
_aSmart kids with learning difficulties : _bovercoming obstacles and realizing potential. / |
||
| 260 |
_aU.S.A : _bPrurock Press Inc, _c2006. |
||
| 300 |
_a195 p. : _bill. ; _c24 cm. |
||
| 521 | _aEDU | ||
| 650 | _aSpecial education books. | ||
| 650 |
_aGifted children _xEducation _xUnited States. |
||
| 650 |
_aSpecial education _xUnited States. |
||
| 650 |
_aLearning disabled children _xEducation _xUnited States. |
||
| 700 | _aBarnes-robinson, Linda | ||
| 700 | _aJeweler, Sue | ||
| 700 | _aShevitz, Betty Roffman | ||
| 942 |
_cBK _2lcc _kFOR |
||
| 999 |
_c39541 _d39541 |
||